| Tag |
First Indicator |
Second Indicator |
Subfields |
| LEADER |
00000cam a22000004a 4500 |
| 001 |
in00003385940 |
| 005 |
20190405181459.0 |
| 006 |
m o d |
| 007 |
cr |||||||nn|n |
| 008 |
120325s2012 si o d eng d |
| 010 |
|
|
|z 2011315690
|
| 020 |
|
|
|a 9789814379670
|
| 020 |
|
|
|z 9789814379663 (pbk.)
|
| 020 |
|
|
|z 9789814379700 (hard)
|
| 035 |
|
|
|a (MdBmJHUP)muse9789814379670
|
| 040 |
|
|
|a MdBmJHUP
|c MdBmJHUP
|d UtOrBLW
|
| 100 |
1 |
|
|a Hum, Sin Hoon.
|
| 245 |
1 |
0 |
|a Zheng He's art of collaboration /
|c [Hum Sin Hoon].
|
| 264 |
|
1 |
|a Singapore :
|b ISEAS Pub. :
|b International Zheng He Society,
|c 2012.
|
| 300 |
|
|
|a 1 online resource (xxxvii, 293 pages )
|
| 336 |
|
|
|a text
|b txt
|2 rdacontent
|
| 337 |
|
|
|a computer
|b c
|2 rdamedia
|
| 338 |
|
|
|a online resource
|b cr
|2 rdacarrier
|
| 504 |
|
|
|a Includes bibliographical references and index.
|
| 588 |
|
|
|a Description based on print version record.
|
| 500 |
|
|
|a Electronic resource.
|
| 600 |
1 |
0 |
|a Zheng, He,
|d 1371-1435.
|
| 650 |
|
0 |
|a Admirals
|z China.
|
| 650 |
|
0 |
|a Organizational effectiveness.
|
| 650 |
|
0 |
|a Leadership.
|
| 650 |
|
0 |
|a Management.
|
| 655 |
|
7 |
|a Electronic books.
|2 local
|
| 856 |
4 |
0 |
|u http://proxy.library.tamu.edu/login?url=http://muse.jhu.edu/books/9789814379670/
|z Connect to the full text of this electronic book
|t 0
|
| 999 |
|
|
|a MARS
|
| 999 |
f |
f |
|s 46aaddd0-7c1d-3ec7-84a7-a5205c180ff4
|i c5484d7f-c2f4-3609-bbd1-30c33210ba5c
|t 0
|
| 952 |
f |
f |
|a Texas A&M University
|b College Station
|c Electronic Resources
|d Available Online
|t 0
|h No information provided
|
| 998 |
f |
f |
|t 0
|l Available Online
|